000 03096cam a2200541 i 4500
001 22455627
003 NUST
005 20220828190337.0
008 220307t20212021xx a e b 000 0 eng d
010 _a 2021278509
020 _a1634992997
_q(paperback)
020 _a9781634992992
_q(paperback)
035 _a(OCoLC)on1231959887
038 _aAzhar
040 _aYDX
_beng
_cYDX
_erda
_dBDX
_dIMF
_dOCLCO
_dOCLCF
_dDLC
042 _alccopycat
043 _an-us-ca
050 0 0 _aF667
_b.W55 2021
082 _a791.4372
_bWIL
100 1 _aWillinger, Andy.,
_eauthor.
_994803
245 1 0 _aAbandoned California :
_bthe Salton Sea
_cAndy Willinger.
260 _a[place of publication not identified] :
_bArcadia Publishing by arrangement with Fonthill Media, LLC,
_c2021
300 _a96 p
_bchiefly color illustrations ;
_c24 cm
336 _astill image
_bsti
_2rdacontent
337 _aunmediated
_bn
_2rdamedia
338 _avolume
_bnc
_2rdacarrier
490 1 _aAmerica Through Time
504 _aIncludes bibliographical references (pages 94-95).
505 0 _aBombay Beach -- The North Shore -- Desert Shores -- Rancho La Playa -- Salton Sea Beach -- The Southeast corner -- The outskirts -- Salton Sea Naval Base -- Salton City.
520 _a"The Salton Sea, California's largest inland body of water, was a spectacular oasis in the desert which attracted droves of boating, fishing, and beach enthusiasts for fun in the sun. ...By the 1970s, unpredictable and poisonous agricultural runoff continually flooded the shorelines and caused many of the fish to die. After storms decimated several of the resorts and marinas, many residents were forced to abandon their homes and businesses. These once glorious seaside towns have been reduced to bleak, desolate wastelands, as the Salton Sea is now drying up... 'Abandoned California: The Salton Sea'... capture(s) the sublime beauty of the forsaken landscapes, buildings, and artifacts of this historic area's once vibrant past."--Back cover.
650 0 _aAbandoned buildings
_zCalifornia
_zSalton Sea
_vPictorial works.
_994804
650 0 _aAbandonment of property
_zCalifornia
_zSalton Sea
_vPictorial works.
_994805
650 7 _aAbandoned buildings.
_2fast
_0(OCoLC)fst01740987
_994806
650 7 _aAbandonment of property.
_2fast
_0(OCoLC)fst00794195
_994807
650 7 _aBuildings.
_2fast
_0(OCoLC)fst00840962
651 0 _aSalton Sea (Calif.)
_xBuildings, structures, etc.
_vPictorial works.
_994808
651 0 _aCalifornia
_xHistory.
_994809
651 7 _aCalifornia.
_2fast
_0(OCoLC)fst01204928
_993850
651 7 _aCalifornia
_zSalton Sea.
_2fast
_0(OCoLC)fst01242292
_994810
655 7 _aHistory.
_2fast
_0(OCoLC)fst01411628
_913777
655 7 _aIllustrated works.
_2fast
_0(OCoLC)fst01423873
_994792
655 7 _aPictorial works.
_2fast
_0(OCoLC)fst01423874
_981105
655 7 _aIllustrated works.
_2lcgft
_994792
830 0 _aAmerica through time.
_994811
906 _a7
_bcbc
_ccopycat
_d2
_encip
_f20
_gy-gencatlg
942 _2ddc
_cLC
999 _c590563
_d590563